000 00592nam a2200229Ia 4500
003 OSt
005 20220918215952.0
006 a|||||r|||| 00| 0
007 ta
008 220917b |||||||| |||| 00| 0 eng d
024 _a143,722
037 _cTextual
040 _aARTS
_cARTS
_beng
041 _2eng
_aeng
082 _aY1592.281.N5, K0;14
100 _aMayer Adrian C
_9123481
245 0 _aCaste and kinship in Central India
260 _c1960
650 _aSOCIOLOGY
942 _hY1592.281.N5, K0;14
_cTEXL
_2CC
999 _c266642
_d266642